Hamlet's enemy : madness and myth in Hamlet /

Bibliographic Details
Main Author: Lidz, Theodore
Format: Book
Language:English
Published: New York : Basic Books, [1975]
Subjects:

MARC

Tag First Indicator Second Indicator Subfields
LEADER 00000pam a2200000 i 4500
001 in00000468474
005 20151013050403.0
008 750402s1975 nyu b 00110 eng
010 |a  74025906  
020 |a 0465028179 
035 |a (OCoLC)01322185 
035 |9 ACA3343AM 
040 |a DLC  |c DLC  |d TXA  |d UtOrBLW 
049 |a TXAM  |c [1391930] 
050 0 0 |a PR2807  |b .L5 1975 
060 0 |a WM49 L715h 
082 0 |a 822.3/3 
100 1 |a Lidz, Theodore. 
245 1 0 |a Hamlet's enemy :  |b madness and myth in Hamlet /  |c Theodore Lidz. 
264 1 |a New York :  |b Basic Books,  |c [1975] 
300 |a xiii, 258 pages :  |b illustrations ;  |c 24 cm. 
336 |a text  |b txt  |2 rdacontent 
337 |a unmediated  |b n  |2 rdamedia 
338 |a volume  |b nc  |2 rdacarrier 
500 |a Includes index. 
504 |a Bibliography: pages 243-246. 
600 1 0 |a Shakespeare, William,  |d 1564-1616.  |t Hamlet. 
600 1 0 |a Shakespeare, William,  |d 1564-1616.  |t Hamlet  |v Sources. 
650 0 |a Mental illness in literature. 
650 0 |a Psychoanalysis and literature. 
650 2 |a Medicine in Literature. 
999 |a MARS 
999 f f |s f3fd9a29-518a-36b4-8cca-bf4db4466716  |i a0cd3def-4034-345d-9c9e-f1e77cb67602  |t 0 
952 f f |p normal  |a Texas A&M University  |b College Station  |c Sterling C. Evans Library  |d Evans: Library Stacks  |t 0  |e PR2807 .L5 1975  |h Library of Congress classification  |i unmediated -- volume  |m A14803897453 
998 f f |a PR2807 .L5 1975  |t 0  |l Evans: Library Stacks